00730nam a2200181 a 4500003000200000005001700002008004100019050002700060100003000087245009600117260009300213300004600306504004100352650003800393650003600431650004500467650003600512020250306083555.0090707s19uu xx 00 eng d aPGS SB 599b.N991 2009 aNuyda, Jacinto Rashann S. aEffects of different concentrations of compost on plant growth /cJacinto Rashann S. Nuyda. aLas Piñas City, Philippines : bSouthville International School and Colleges, c2009. a41 pages : billustrations ; c28 cm.  aIncludes bibliographical references. aCompostvEffect on plant growth.  a Plant growthvSoil amendments. aOrganic fertilizersvAgronomic aspects.  aSoil fertilityvOrganic matter.